Die Philosophie der Griechen in ihrer Geschichtlichen Entwicklung

Uloženo v:
Podrobná bibliografie
Hlavní autor: Zeller, Eduard (Autor)
Médium: Kniha
Jazyk:němčina
Vydáno: Darmstadt Wissenschaftliche Buchgesellschaft 1963
Vydání:7a. ed
Témata:
Tagy: Přidat tag
Žádné tagy, Buďte první, kdo vytvoří štítek k tomuto záznamu!

MARC

LEADER 00000nam a2200000 a 4500
001 UCZ5594
003 CL-VaPUC
008 951124e19630000GW |||||||||||||||||ger|d
082 0 4 |a 185  |b ZEL  |2 21 
100 0 |a Zeller, Eduard  |e author  |9 349706 
245 1 4 |a Die Philosophie der Griechen in ihrer Geschichtlichen Entwicklung 
250 |a 7a. ed 
300 |a v 
942 |c BK 
945 |d 19951124 00:00:00  |a cmena 
260 |a Darmstadt  |b Wissenschaftliche Buchgesellschaft  |c 1963 
650 0 |a Filosofía griega  |9 265579 
650 0 |a Escuelas filosóficas   |9 266232 
650 0 |a Neoplatonismo  |9 265877 
650 7 |a ESTOICISMO  |2 CL-VaPUC  |9 349707 
650 0 |a Filosofía romana   |9 344946 
650 0 |a Cosmología  |9 269138 
650 0 |a Historia  |9 255047 
583 |a last modification  |c 19951124 00:00:00  |k Rodrigo Vera 
999 |c 241887  |d 241885 
952 |0 0  |1 0  |4 0  |6 185_000000000000000_ZEL_1963  |7 0  |8 P  |9 254513  |a BIBEDU  |b BIBEDU  |c BIBEDU_PB  |d 2019-11-19  |h v.1 p.1  |i 1578308  |o 185 ZEL 1963  |p 1578308  |r 2024-01-25  |w 2019-11-19  |y BK  |k FIL 
952 |0 0  |1 0  |4 0  |6 185_000000000000000_ZEL_1963  |7 0  |8 P  |9 254514  |a BIBEDU  |b BIBEDU  |c BIBEDU_PB  |d 2019-11-19  |h v.1 p.2  |i 1578316  |o 185 ZEL 1963  |p 1578316  |r 2024-01-25  |w 2019-11-19  |y BK  |k FIL